| 000 | 01148cam a2200349 i 4500 | ||
|---|---|---|---|
| 999 |
_c200429091 _d47015 |
||
| 003 | TR-AnTOB | ||
| 005 | 20240115134531.0 | ||
| 007 | ta | ||
| 008 | 040303m20061997tu b 000 0 tur d | ||
| 020 |
_a9789758868222 _c(paperback) |
||
| 020 |
_a9758868225 _c(paperback) |
||
| 040 |
_aBGZ _beng _erda _cBGZ _dTR-AnTOB |
||
| 041 | 0 | _atur | |
| 050 | _aDS62.8 | ||
| 090 |
_aDS62.8 _b.P37 2002 |
||
| 100 | 1 |
_aParlar, Suat _eauthor _913212 |
|
| 245 | 1 | 0 |
_aOrtadoğu : _bvadedilmiş topraklar / _cSuat Parlar. |
| 250 | _a3.baskı | ||
| 264 | 1 |
_aİstanbul : _bMephisto basım yayın, _c2006. |
|
| 300 |
_a468 pages ; _c20 cm. |
||
| 336 |
_2rdacontent _atext |
||
| 337 |
_2rdamedia _aunmediated |
||
| 338 |
_2rdacarrier _avolume |
||
| 504 | _aIncludes bibliographical references. | ||
| 590 | _aDonated by Levent Kuşoğlu | ||
| 651 | 0 |
_aMiddle East _xPolitics and government _y20th century _928747 |
|
| 651 | 7 |
_aOrta Doğu _xSiyaset ve yönetim _y20. yüzyıl _2etuturkob _928745 |
|
| 651 | 0 |
_aMiddle East _xHistory _y20th century _925072 |
|
| 651 | 7 |
_aOrta Doğu _xTarih _y20. yüzyıl _2etuturkob _999605 |
|
| 942 |
_2lcc _cBK |
||